Magyar statisztikai zsebkönyv 1981

Guardado en:
Detalles Bibliográficos
Formato: Libro
Lenguaje:húngaro
Publicado: Budapest Stasztikai kiadó vállalat 1982
Etiquetas: Agregar Etiqueta
Sin Etiquetas, Sea el primero en etiquetar este registro!

MARC

LEADER 00000nam a2200000 4500
001 c134712
005 20221220095817.9
041 0 |a hun 
044 |a HU 
245 1 0 |a Magyar statisztikai zsebkönyv 1981 
264 1 |a Budapest  |b Stasztikai kiadó vállalat  |c 1982 
300 |a 234 s.